000 00699nam a2200277 a 4500
003 AR-BaBNM
005 20251128205255.0
008 082120s2002 ||||||||||||||000 | spa||
040 _cAR-BaBNM
100 1 _aBarrantes Lerin, Vicente
245 0 0 _aRelación de viajes
_by algo más de : ¡lo que hay que saber!
260 _aBuenos Aires
_bEdiciones Dunken
_c1996
300 _a217 p.
650 4 _aLITERATURA ARGENTINA
650 4 _aTURISMO
650 4 _aVIAJES
650 4 _aENSAYO
650 4 _aLITERATURA CONTEMPORANEA
651 4 _aEuropa
651 4 _aEstados Unidos
651 4 _aArgentina
653 _aMEMORIAS
653 _aNARRATIVA
942 _cBK
998 _cMARTIN
999 _c10687
_d10687